[Event "Krasnoyarsk-ch"]
[Site "Krasnoyarsk"]
[Date "2013.02.08"]
[Round "8"]
[White "Izbranov, Alexander"]
[Black "Malikov, Alexandr"]
[Result "0-1"]
[WhiteElo "2090"]
[BlackElo "2086"]
[PlyCount "76"]
[EventDate "2013.02.01"]
[EventType "tourn"]
[EventRounds "11"]
[EventCountry "RUS"]
[SourceTitle "CBM 153 Extra"]
[Source "ChessBase"]
[SourceDate "2013.04.22"]
[SourceVersion "1"]
[SourceVersionDate "2013.04.22"]
[SourceQuality "1"]

1. f4 d5 2. Nf3 Nf6 3. e3 g6 4. b3 Bg7 5. Bb2 0-0 6. Be2 c5 7. 0-0 d4 8. exd4 Nd5 9. g3 Nc6 10. c3 cxd4 11. cxd4 Nc7 12. Nc3 Nxd4 13. Kg2 Nxe2 14. Qxe2 Bf5 15. Rfe1 Re8 16. d4 Nd5 17. Nxd5 Qxd5 18. Qc4 Qd6 19. Ne5 Be6 20. Qc5 Rec8 21. Qb5 Rc2+ 22. Re2 Rac8 23. Rae1 a6 24. Qd3 Bf5 25. Qe3 Qd5+ 26. Kg1 h5 27. Rxc2 Rxc2 28. Re2 Rc7 29. Qf3 Qa5 30. a3 Be6 31. b4 Qb6 32. Qe3 Bd5 33. h3 a5 34. Qd2 axb4 35. axb4 Qa6 36. Bc3 Rxc3 37. Kf2 Qa3 38. g4 Rxh3 0-1

[Event "Krasnoyarsk-ch"]
[Site "Krasnoyarsk"]
[Date "2013.02.07"]
[Round "7"]
[White "Malikov, Alexandr"]
[Black "Sholokhov, Anatoly"]
[Result "1/2-1/2"]
[WhiteElo "2086"]
[BlackElo "2014"]
[PlyCount "94"]
[EventDate "2013.02.01"]
[EventType "tourn"]
[EventRounds "11"]
[EventCountry "RUS"]
[SourceTitle "CBM 153 Extra"]
[Source "ChessBase"]
[SourceDate "2013.04.22"]
[SourceVersion "1"]
[SourceVersionDate "2013.04.22"]
[SourceQuality "1"]

1. d4 Nf6 2. c4 g6 3. Nc3 d5 4. cxd5 Nxd5 5. e4 Nxc3 6. bxc3 Bg7 7. Nf3 c5 8. Rb1 0-0 9. Be2 cxd4 10. cxd4 Qa5+ 11. Qd2 Qxd2+ 12. Bxd2 b6 13. Bd3 Ba6 14. Bxa6 Nxa6 15. Ke2 Rac8 16. Rhc1 Rfd8 17. Be3 Nb8 18. d5 Kf8 19. Nd4 Bxd4 20. Bxd4 Na6 21. Ke3 Ke8 22. a4 Kd7 23. a5 Rxc1 24. Rxc1 bxa5 25. Ra1 Nc7 26. Rxa5 a6 27. h4 Rb8 28. f3 Rb5 29. Ra3 e6 30. dxe6+ Kxe6 31. Rc3 Kd7 32. Bf6 Ne6 33. Ra3 Nc7 34. g4 Rb6 35. Rd3+ Rd6 36. Rxd6+ Kxd6 37. f4 Nb5 38. Kd3 Ke6 39. g5 a5 40. Ba1 a4 41. Bf6 a3 42. Ba1 a2 43. Kc4 Na3+ 44. Kb3 Nb1 45. Kc2 Na3+ 46. Kb3 Nb1 47. Kc2 Na3+ 1/2-1/2

[Event "Krasnoyarsk-ch"]
[Site "Krasnoyarsk"]
[Date "2012.02.06"]
[Round "6"]
[White "Dianov, Alexey"]
[Black "Malikov, Alexandr"]
[Result "1-0"]
[WhiteElo "2179"]
[BlackElo "2111"]
[PlyCount "115"]
[EventDate "2012.02.01"]
[EventType "tourn"]
[EventRounds "9"]
[EventCountry "RUS"]
[SourceTitle "EXT 2013"]
[Source "ChessBase"]
[SourceDate "2012.11.22"]
[SourceVersion "1"]
[SourceVersionDate "2012.11.22"]
[SourceQuality "1"]

1. e4 c5 2. c3 Nf6 3. e5 Nd5 4. d4 cxd4 5. Qxd4 e6 6. Nf3 Nc6 7. Qe4 f5 8. Qe2 Qc7 9. g3 Nde7 10. Bg2 Ng6 11. Bf4 Rb8 12. Nbd2 b5 13. 0-0 Be7 14. Rfd1 0-0 15. Nb3 a6 16. Qe3 Na5 17. Nxa5 Qxa5 18. Nd2 Qc7 19. Nb3 Bb7 20. Qa7 Rfc8 21. Bxb7 Rxb7 22. Qxa6 Rcb8 23. Be3 Nxe5 24. Bf4 Rb6 25. Bxe5 Qxe5 26. Qa7 R6b7 27. Qd4 Qxd4 28. Nxd4 g5 29. h3 Kf7 30. Rd2 Rc7 31. Rad1 b4 32. cxb4 Rxb4 33. a3 Rbb7 34. b4 Rc3 35. Rd3 Rbc7 36. Rxc3 Rxc3 37. Nb5 Rb3 38. Rxd7 Kf6 39. Rc7 h5 40. Rc6 Rd3 41. Nc7 Rxa3 42. Rxe6+ Kf7 43. b5 Bc5 44. Rc6 Bd4 45. Ne6 Ba7 46. b6 Bb8 47. Nxg5+ Ke7 48. Kg2 f4 49. g4 hxg4 50. hxg4 Kd7 51. Rf6 Rb3 52. Ne4 Ke7 53. g5 Rb5 54. Rh6 Be5 55. Kf3 Kf7 56. Kg4 Kg7 57. Rc6 Bb8 58. f3 1-0

[Event "Krasnoyarsk op"]
[Site "Krasnoyarsk"]
[Date "2011.10.07"]
[Round "9"]
[White "Malikov, Alexandr"]
[Black "Dobrovolskiy, Roman"]
[Result "0-1"]
[WhiteElo "2114"]
[BlackElo "2147"]
[PlyCount "104"]
[EventDate "2011.09.29"]
[EventType "swiss"]
[EventRounds "11"]
[EventCountry "RUS"]
[SourceTitle "EXT 2013"]
[Source "ChessBase"]
[SourceDate "2012.11.22"]
[SourceVersion "1"]
[SourceVersionDate "2012.11.22"]
[SourceQuality "1"]

1. d4 d5 2. c4 e6 3. g3 Nf6 4. Bg2 c6 5. Nf3 Nbd7 6. Qc2 Be7 7. 0-0 0-0 8. Nc3 dxc4 9. e4 b5 10. a4 b4 11. Ne2 Ba6 12. Rd1 Qa5 13. Nf4 Rfd8 14. e5 Nd5 15. h4 b3 16. Qe4 c3 17. Ng5 Nf8 18. Nxd5 cxd5 19. Qf3 Bxg5 20. Bxg5 cxb2 21. Rab1 Qxa4 22. Bxd8 Rxd8 23. Rxb2 Bc4 24. Rdb1 Rb8 25. h5 a5 26. h6 gxh6 27. Qe3 Qb4 28. Bf3 a4 29. Bd1 Qb5 30. Ra1 Ra8 31. Qc3 a3 32. Rxb3 Bxb3 33. Bxb3 Ng6 34. Kg2 Qa5 35. Qe3 Qb4 36. Ra2 Rc8 37. Bc2 Rc3 38. Qxh6 Qxd4 39. Bxg6 hxg6 40. Qg5 Qe4+ 41. Kh2 Qf3 42. Qe7 Qh5+ 43. Kg2 Rc1 44. Qd8+ Kh7 45. Qh4 Qxh4 46. gxh4 Rc3 47. f3 Kh6 48. Kg3 g5 49. Rh2 Rc4 50. hxg5+ Kxg5 51. Rh8 Ra4 52. f4+ Kg6 0-1

[Event "Krasnoyarsk op"]
[Site "Krasnoyarsk"]
[Date "2011.10.03"]
[Round "5"]
[White "Volontinas, Ivan Nikolaevich"]
[Black "Malikov, Alexandr"]
[Result "0-1"]
[WhiteElo "2162"]
[BlackElo "2114"]
[PlyCount "84"]
[EventDate "2011.09.29"]
[EventType "swiss"]
[EventRounds "11"]
[EventCountry "RUS"]
[SourceTitle "EXT 2013"]
[Source "ChessBase"]
[SourceDate "2012.11.22"]
[SourceVersion "1"]
[SourceVersionDate "2012.11.22"]
[SourceQuality "1"]

1. Nf3 c5 2. e4 Nc6 3. Bb5 g6 4. Bxc6 dxc6 5. d3 Nf6 6. h3 Bg7 7. Nc3 Nd7 8. Be3 e5 9. Qd2 h6 10. a3 Qe7 11. Ne2 a5 12. 0-0 Nf8 13. b4 Ne6 14. Nh2 b6 15. Rfb1 a4 16. b5 cxb5 17. Rxb5 Qd6 18. Rab1 Ra6 19. Qc1 Bd7 20. Qb2 Nd4 21. Nxd4 exd4 22. Bd2 0-0 23. Rxb6 Rxb6 24. Qxb6 Qxb6 25. Rxb6 Rc8 26. Nf3 c4 27. Rd6 Be6 28. e5 Bf8 29. Ra6 c3 30. Be1 Bc5 31. Rxa4 Rd8 32. Kf1 Kf8 33. Ke2 Ke7 34. Kd1 Rd7 35. Ng1 Rb7 36. Ra5 Rb1+ 37. Ke2 Bb6 38. Ra4 Rc1 39. Rb4 Bc5 40. Rb7+ Kd8 41. Nf3 Rxc2+ 42. Kd1 Ra2 0-1

[Event "Krasnoyarsk-ch"]
[Site "Krasnoyarsk"]
[Date "2011.02.09"]
[Round "9"]
[White "Malikov, Alexandr"]
[Black "Khegay, Dmitriy"]
[Result "1-0"]
[WhiteElo "2129"]
[BlackElo "2176"]
[PlyCount "89"]
[EventDate "2011.02.01"]
[EventType "tourn"]
[EventRounds "11"]
[EventCountry "RUS"]
[SourceTitle "CBM 141 Extra"]
[Source "ChessBase"]
[SourceDate "2011.05.03"]
[SourceVersion "1"]
[SourceVersionDate "2011.05.03"]
[SourceQuality "1"]

1. d4 Nf6 2. c4 e6 3. g3 c5 4. d5 exd5 5. cxd5 b5 6. Bg2 d6 7. a4 b4 8. Nd2 Nbd7 9. a5 Ba6 10. b3 Be7 11. Bb2 0-0 12. Nc4 Ng4 13. h3 Nge5 14. Nxe5 Nxe5 15. f4 Ng6 16. Nf3 Bf6 17. Bxf6 Qxf6 18. Kf2 Rfe8 19. Re1 Qc3 20. e3 Re7 21. Rc1 Qb2+ 22. Qc2 Qxc2+ 23. Rxc2 Bd3 24. Rcc1 Rb8 25. Nd2 Rc7 26. Bf1 Bxf1 27. Rxf1 Ne7 28. e4 f5 29. e5 Rd7 30. Nc4 Nxd5 31. exd6 Nc3 32. Rfe1 Nb5 33. Rcd1 Nd4 34. Rxd4 cxd4 35. Rd1 Rc8 36. Rxd4 Rc6 37. Ke3 Kf8 38. Kd3 Ke8 39. Rd5 g6 40. Kd4 a6 41. Re5+ Kd8 42. Kd5 Rc8 43. Re6 Rf7 44. Ne5 Rb7 45. Nc6+ 1-0

[Event "Krasnoyarsk Marchko Memorial"]
[Site "Krasnoyarsk"]
[Date "2010.12.21"]
[Round "5"]
[White "Malikov, Alexandr"]
[Black "Avdeenko, Tatiana"]
[Result "1-0"]
[WhiteElo "2129"]
[BlackElo "2185"]
[PlyCount "109"]
[EventDate "2010.12.17"]
[EventType "tourn"]
[EventRounds "9"]
[EventCountry "RUS"]
[SourceTitle "CBM 140 Extra"]
[Source "ChessBase"]
[SourceDate "2011.03.01"]
[SourceVersion "1"]
[SourceVersionDate "2011.03.01"]
[SourceQuality "1"]

1. d4 Nf6 2. c4 e6 3. g3 Bb4+ 4. Bd2 a5 5. Bg2 d6 6. Nc3 Nbd7 7. Qc2 e5 8. a3 Bxc3 9. Bxc3 Qe7 10. Nf3 0-0 11. dxe5 dxe5 12. 0-0 h6 13. b4 e4 14. Nd4 axb4 15. axb4 Rxa1 16. Rxa1 Nb6 17. c5 Nbd5 18. e3 c6 19. Ra7 Qc7 20. Bd2 Qb8 21. Qa4 Bd7 22. Bf1 Ng4 23. Bg2 Re8 24. Bxe4 Nc7 25. Bg2 Ne5 26. Bc3 Na6 27. Rxa6 bxa6 28. Qxa6 Qc7 29. h3 Qc8 30. Qxc8 Rxc8 31. f4 Nc4 32. Kf2 Na3 33. g4 Nb5 34. Nxb5 cxb5 35. f5 f6 36. Bd5+ Kf8 37. e4 Bc6 38. Ke3 Ke7 39. Kd4 Rd8 40. Bd2 Kd7 41. Bf4 Re8 42. e5 fxe5+ 43. Bxe5 Re7 44. h4 Bxd5 45. Kxd5 Kc8 46. c6 Ra7 47. Kc5 Re7 48. Kd6 Ra7 49. g5 hxg5 50. hxg5 Kd8 51. f6 gxf6 52. Bxf6+ Ke8 53. g6 Re7 54. g7 Re6+ 55. Kd5 1-0

[Event "Krasnoyarsk Marchko Memorial"]
[Site "Krasnoyarsk"]
[Date "2010.12.17"]
[Round "1"]
[White "Malikov, Alexandr"]
[Black "Piskunov, Alexandr"]
[Result "0-1"]
[WhiteElo "2129"]
[BlackElo "2206"]
[PlyCount "84"]
[EventDate "2010.12.17"]
[EventType "tourn"]
[EventRounds "9"]
[EventCountry "RUS"]
[SourceTitle "CBM 140 Extra"]
[Source "ChessBase"]
[SourceDate "2011.03.01"]
[SourceVersion "1"]
[SourceVersionDate "2011.03.01"]
[SourceQuality "1"]

1. d4 d6 2. g3 g6 3. Bg2 Bg7 4. c4 e5 5. dxe5 dxe5 6. Qxd8+ Kxd8 7. Nc3 c6 8. f4 Be6 9. b3 exf4 10. Bb2 fxg3 11. 0-0-0+ Nd7 12. hxg3 Nh6 13. Nh3 Nf5 14. Rd3 Ke8 15. Ne4 Bxb2+ 16. Kxb2 Ke7 17. Nhg5 Ne5 18. Rc3 h5 19. Nc5 Rad8 20. Nxb7 Rd2+ 21. Ka3 Rxe2 22. Nf3 Nxc4+ 23. bxc4 Rxg2 24. Ne5 Rxg3 25. Rxg3 Nxg3 26. Re1 h4 27. Nc5 Kf6 28. Nxe6 fxe6 29. Kb4 h3 30. Ng4+ Kf5 31. Nh2 Rb8+ 32. Kc3 g5 33. Re3 Ne4+ 34. Kc2 Rh8 35. Rf3+ Ke5 36. Kd3 Nf6 37. Re3+ Kd6 38. Ke2 g4 39. Kf2 Rg8 40. Nf1 g3+ 41. Kg1 h2+ 42. Kg2 h1Q+ 0-1

[Event "Krasnoyarsk-ch"]
[Site "Krasnoyarsk"]
[Date "2010.02.04"]
[Round "1"]
[White "Malikov, Alexandr"]
[Black "Mezhevov, Valentin"]
[Result "1/2-1/2"]
[WhiteElo "2109"]
[BlackElo "2034"]
[PlyCount "102"]
[EventDate "2010.02.04"]
[EventType "tourn"]
[EventRounds "11"]
[EventCountry "RUS"]
[SourceTitle "CBM 135 Extra"]
[Source "ChessBase"]
[SourceDate "2010.05.04"]
[SourceVersion "1"]
[SourceVersionDate "2010.05.04"]
[SourceQuality "1"]

1. d4 Nf6 2. c4 g6 3. Nc3 Bg7 4. e4 d6 5. h3 0-0 6. Nf3 e5 7. d5 Na6 8. Be3 c5 9. g4 Nc7 10. Nd2 Bd7 11. f3 h6 12. h4 Nh7 13. Qe2 Qe7 14. Qh2 a6 15. a4 b6 16. g5 h5 17. Kd1 Rab8 18. Kc2 Rb7 19. Bh3 Rfb8 20. Rhb1 b5 21. b3 b4 22. Ne2 Ne8 23. Bxd7 Rxd7 24. Rg1 Nf8 25. Raf1 Kh7 26. Qh3 Rdb7 27. Nc1 Qd7 28. Qg3 f5 29. gxf6 Nxf6 30. Nd3 Qe8 31. Rf2 Rf7 32. Rfg2 Ng8 33. Nf2 Bh6 34. Bxh6 Nxh6 35. Nh3 Rf6 36. Ng5+ Kg7 37. Qh3 Qc8 38. Qh2 Rb7 39. Rg3 Nf7 40. Qg2 Nxg5 41. Rxg5 Rbf7 42. Rxh5 Nh7 43. Rg5 Nxg5 44. hxg5 Rf4 45. Rh1 Rf8 46. Rh6 Rh8 47. Qh2 Qg8 48. Qh3 Rxh6 49. gxh6+ Kh7 50. Qd7+ Qf7 51. Qxd6 Rxf3 1/2-1/2

[Event "Krasnoyarsk op"]
[Site "Krasnoyarsk"]
[Date "2009.10.02"]
[Round "2"]
[White "Lomako, Anna"]
[Black "Malikov, Alexandr"]
[Result "1-0"]
[WhiteElo "2246"]
[BlackElo "2120"]
[PlyCount "67"]
[EventDate "2009.10.01"]
[EventType "swiss"]
[EventRounds "11"]
[EventCountry "RUS"]
[SourceTitle "EXT 2010"]
[Source "ChessBase"]
[SourceDate "2010.11.25"]
[SourceVersion "1"]
[SourceVersionDate "2010.11.25"]
[SourceQuality "1"]

1. e4 c5 2. Nc3 e6 3. Nf3 Nc6 4. d4 cxd4 5. Nxd4 a6 6. g3 Qc7 7. Bg2 Nf6 8. 0-0 Be7 9. a4 0-0 10. Kh1 Nxd4 11. Qxd4 e5 12. Qd3 b6 13. f4 d6 14. h3 Bb7 15. g4 exf4 16. Bxf4 Nd7 17. Nd5 Bxd5 18. exd5 Bf6 19. c3 Rab8 20. Qxa6 Be5 21. Bd2 Ra8 22. Qb5 Nc5 23. Be3 Ra5 24. Qc6 Qxc6 25. dxc6 Rxa4 26. b4 Rxa1 27. Rxa1 Ne6 28. Bxb6 Bxc3 29. Rb1 Rb8 30. c7 Nxc7 31. Bxc7 Rxb4 32. Rd1 Rd4 33. Rxd4 Bxd4 34. Bxd6 1-0

[Event "Krasnoyarsk op"]
[Site "Krasnoyarsk"]
[Date "2009.10.01"]
[Round "1"]
[White "Malikov, Alexandr"]
[Black "Shapran, Nikita"]
[Result "1-0"]
[WhiteElo "2120"]
[BlackElo "1907"]
[PlyCount "71"]
[EventDate "2009.10.01"]
[EventType "swiss"]
[EventRounds "11"]
[EventCountry "RUS"]
[SourceTitle "EXT 2010"]
[Source "ChessBase"]
[SourceDate "2010.11.25"]
[SourceVersion "1"]
[SourceVersionDate "2010.11.25"]
[SourceQuality "1"]

1. d4 Nf6 2. c4 e6 3. g3 d5 4. Bg2 c6 5. Nf3 Bd6 6. Nbd2 0-0 7. b3 Nbd7 8. Bb2 Re8 9. 0-0 e5 10. cxd5 Nxd5 11. Nc4 Bc7 12. Ncxe5 Nxe5 13. Nxe5 Bxe5 14. dxe5 Qa5 15. a3 Bg4 16. Re1 Rad8 17. Qc2 Nc7 18. Rad1 Qb5 19. Rxd8 Rxd8 20. Be4 h6 21. Bd3 Qb6 22. Rd1 Ne6 23. Kg2 Nd4 24. Bxd4 Rxd4 25. Bc4 Qd8 26. Rxd4 Qxd4 27. f4 Bh5 28. Qf5 b5 29. Bd3 g6 30. Qc8+ Kh7 31. Qxc6 b4 32. axb4 Qb6 33. Qd7 Qxb4 34. g4 Bxg4 35. Qxg4 Qxb3 36. f5 1-0

[Event "Krasnoyarsk-ch"]
[Site "Krasnoyarsk"]
[Date "2008.03.??"]
[Round "6"]
[White "Avdeenko, Tatiana"]
[Black "Malikov, Alexandr"]
[Result "1-0"]
[WhiteElo "2194"]
[BlackElo "1985"]
[PlyCount "95"]
[EventDate "2008.03.??"]
[EventType "tourn"]
[EventRounds "11"]
[EventCountry "RUS"]
[SourceTitle "CBM 123 Extra"]
[Source "ChessBase"]
[SourceDate "2008.05.06"]
[SourceVersion "1"]
[SourceVersionDate "2008.05.06"]
[SourceQuality "1"]

1. e4 c5 2. Nc3 e6 3. f4 Nc6 4. Nf3 d5 5. Bb5 Nge7 6. 0-0 d4 7. Ne2 a6 8. Bxc6+ Nxc6 9. d3 Be7 10. a3 g6 11. e5 h5 12. Ng3 b5 13. Ne4 Bb7 14. Bd2 Qd5 15. Be1 0-0-0 16. Bh4 Bxh4 17. Nxh4 Ne7 18. Rf2 Nf5 19. Nf3 h4 20. Qe1 h3 21. g3 Ne3 22. Qa5 Ng4 23. Rff1 Ne3 24. Rf2 Ng4 25. Re2 Rh5 26. Qb6 Qc6 27. Qxc6+ Bxc6 28. Nfg5 Bxe4 29. Nxe4 Rd5 30. b4 cxb4 31. axb4 Kb7 32. Nc5+ Rxc5 33. bxc5 Rh8 34. Re4 Rd8 35. c6+ Kxc6 36. Rxa6+ Kc5 37. Re1 Kb4 38. Rc6 Rd5 39. Rb1+ Ka5 40. Rc7 Kb6 41. Rxf7 Rc5 42. Rb2 Ne3 43. Rf6 Nxc2 44. Rxe6+ Ka5 45. Kf2 Ne3 46. Kf3 b4 47. Re8 Nc2 48. e6 1-0

[Event "Krasnoyarsk-ch"]
[Site "Krasnoyarsk"]
[Date "2008.03.??"]
[Round "9"]
[White "Egorov, Nikolay B"]
[Black "Malikov, Alexandr"]
[Result "0-1"]
[WhiteElo "2085"]
[BlackElo "1985"]
[PlyCount "60"]
[EventDate "2008.03.??"]
[EventType "tourn"]
[EventRounds "11"]
[EventCountry "RUS"]
[SourceTitle "CBM 123 Extra"]
[Source "ChessBase"]
[SourceDate "2008.05.06"]
[SourceVersion "1"]
[SourceVersionDate "2008.05.06"]
[SourceQuality "1"]

1. e4 c5 2. Nf3 Nc6 3. d4 cxd4 4. Nxd4 Nf6 5. Nc3 e5 6. Ndb5 d6 7. Bg5 a6 8. Na3 b5 9. Nd5 Be7 10. Bxf6 Bxf6 11. Be2 Bg5 12. c3 0-0 13. 0-0 Rb8 14. Nc2 a5 15. Nce3 Be6 16. a4 bxa4 17. Qxa4 Bxe3 18. Nxe3 Rxb2 19. Qxc6 Rxe2 20. Rfd1 Qg5 21. Kf1 Rb2 22. Qxd6 Qf4 23. Rd2 Rbb8 24. Rad1 Qxh2 25. Ke2 Bb3 26. Ra1 a4 27. c4 Qh4 28. c5 Rfd8 29. Qxe5 Rxd2+ 30. Kxd2 Qxf2+ 0-1

[Event "Krasnoyarsk-ch"]
[Site "Krasnoyarsk"]
[Date "2008.03.??"]
[Round "5"]
[White "Malikov, Alexandr"]
[Black "Dianov, Alexey"]
[Result "1-0"]
[WhiteElo "1985"]
[BlackElo "2210"]
[PlyCount "67"]
[EventDate "2008.03.??"]
[EventType "tourn"]
[EventRounds "11"]
[EventCountry "RUS"]
[SourceTitle "CBM 123 Extra"]
[Source "ChessBase"]
[SourceDate "2008.05.06"]
[SourceVersion "1"]
[SourceVersionDate "2008.05.06"]
[SourceQuality "1"]

1. d4 d6 2. g3 Nf6 3. Bg2 g6 4. Nf3 Bg7 5. c4 0-0 6. Nc3 Nbd7 7. 0-0 e5 8. e4 c6 9. h3 Re8 10. Be3 exd4 11. Nxd4 Nc5 12. Qc2 a5 13. Rfe1 Qc7 14. Rad1 Bd7 15. b3 Re7 16. Bf4 Nh5 17. Ndb5 Qc8 18. Nxd6 Qf8 19. Be3 b6 20. Bxc5 bxc5 21. Na4 Bd4 22. Rxd4 cxd4 23. c5 Rb8 24. Nb6 Be6 25. Qd2 Qg7 26. g4 Nf6 27. Qxd4 Nd7 28. Qxg7+ Kxg7 29. Nxd7 Rxd7 30. f4 f6 31. e5 fxe5 32. Rxe5 Bg8 33. Bxc6 Rc7 34. Ne8+ 1-0